000
00206nam a2200097Ia 4500
008
240331s9999 xx 000 0 und d
082
_b
RAM
100
_a
Ramalingam, M
245
0
_a
Nattar Padalkal
942
_c
L
999
_c
3735
_d
3735